000 01031nab a2200205 i 4500
001 768714001
003 CO-MdFUSB
005 20240426124502.0
008 240426t1994 us ||||| |||| 00| 0 eng d
040 _bspa
_cCO-MdFUSB
_dCO-MdFUSB
041 _aeng
100 _aThompson, Roger,
_eautor
245 _aThe christian art of motivation
_c/ Roger Thompson
300 _aVolumen 15, número 3 (summer, 1994), páginas: 52 - 59
_c; 27 cm
520 _aEsta nota trata sobre el arte cristiano de la motivación y expone cómo implantar energía y resistencia, sin recurrir a la culpa. Concluye expresando que la comunión autosostenible con Dios es su propia recompensa. Y las personas alcanzarán ese objetivo si reciben las recompensas, relaciones y razones adecuadas.
546 _aTexto en inglés.
650 7 _aLiderazgo
_xAspectos religiosos
_xCristianismo
_97270
773 0 _068780
_982553
_oR2487
_tLeadership :
_w(CO-MdFUSB)768714001
_gVolumen 15, número 3 (summer, 1994), páginas: 52 - 59
_qpágina: 52
942 _cANA
999 _c69408
_d69408